Pays les plus fragiles - Statistiques

Statistiques générales
  • Ce quiz a été pris 114 fois
  • Le résultat moyen est 7 sur 15
Statistiques - réponses
Classement Réponse % Correct
4 Syrie
89%
9 Afghanistan
71%
8 Soudan
70%
2 Somalie
67%
3 Soudan du Sud
63%
1 Yemen
61%
5 République démocratique du Congo
59%
7 Tchad
47%
14 Nigéria
43%
6 République Centrafricaine
37%
11 ex-aequo Burundi
35%
13 Haiti
31%
15 Guinée
30%
11 ex-aequo Cameroun
27%
10 Zimbabwe
17%
Aucun quiz correspondant
Distribution des résultats
% des personnes avec chaque résultat
Percentile par nombre de réponses
Votre historique - résultats
Vous n’avez pas pris ce quiz